00346nam a2200133Ia 4500008004100000020001500041041001200056082001600068100001200084245005300096260003900149300000800188650001600196221030s9999 xx 000 0 und d a812031445X aEnglish a105.23bMal aR. Mall 0aFundamentals of Software Engineeringcby R. Mall bPearson EducationaNew Delhic1999 a221 aBE Computer